000 013040000a22002050004500
041 0 _aSPA
082 0 4 _aG 131.34 F8891r
100 1 _aFreud, Sigmund (1856-1939)
245 1 0 _aPsicoanálisis aplicado y técnica psicoanalítica / Sigmund Freud ; Luis López-Ballesteros y de Torres, Traductor.
260 _aMadrid, España : Alianza
300 _a223 Pag.
500 _aTítulo original : Der dichter und das phatasieren
505 0 0 _apsicoanálisis aplicado -- el poeta y la fantasía -- el tema de la elección de cofrecillo -- varios tipos de carácter descubiertos en la labor analítica -- una neurosis demoniaca en el siglo XVII -- técnica psicoanalítica -- el psicoanálisis "silvestre" -- el empleo de la interpretación de los sueños en el psicoanálisis -- la dinámica de la transferencia -- consejos al médico en el tratamiento psicoanalítico -- la "fausse reconnaissance" ("déjá raconté") durante el análisis -- la iniciación del tratamiento -- recuerdo, repetición y elaboración -- observaciones sobre el "amor de transferencia" -- los caminos de la terapia psicoanalítica.
650 1 4 _aPSICOANALISIS \ PSICOTERAPIA
001 634
942 _cBK
999 _c32129
_d32129
336 _atexto
_btxt
_2rdacontent
337 _2rdamedia
_asin mediación
_bn
338 _2rdacarrier
_avolumen
_bnc